[Event "Michigan Open"]
[Site "Lansing, MI"]
[Date "2002.09.01"]
[Round "1.42"]
[White "Czuhai, Kevin"]
[Black "Nichols, Tony"]
[Result "1-0"]
[WhiteElo "2204"]
[BlackElo "1801"]
[PlyCount "49"]
[EventDate "2002.08.30"]

1. e4 c5 2. Nf3 d6 3. Bb5+ Bd7 4. Bxd7+ Qxd7 5. O-O Nc6 6. c3 Nf6 7. d4 cxd4 8.
cxd4 Nxe4 9. d5 Ne5 10. Re1 Nxf3+ 11. Qxf3 Nf6 12. h3 g6 13. Qxf6 Rg8 14. Bg5
h6 15. Bf4 O-O-O 16. Qd4 Kb8 17. Be3 b6 18. a4 Bg7 19. Qd2 Rc8 20. a5 b5 21. a6
Qf5 22. Na3 Rc7 23. Nxb5 Rc2 24. Qa5 Rgc8 25. Nxa7 1-0

[Event "Michigan Open"]
[Site "Lansing, MI"]
[Date "2002.09.01"]
[Round "3.41"]
[White "Czuhai, Kevin"]
[Black "Florean, Andrei"]
[Result "0-1"]
[WhiteElo "2204"]
[BlackElo "2430"]
[PlyCount "64"]
[EventDate "2002.08.30"]

1. d4 Nf6 2. Nc3 d5 3. Bg5 e6 4. e4 dxe4 5. Nxe4 Nbd7 6. Nf3 Be7 7. Nxf6+ Nxf6
8. Bd3 h6 9. Bd2 O-O 10. Qe2 b6 11. O-O-O Bb7 12. Kb1 c5 13. Rhg1 cxd4 14. g4
Qd5 15. Ne5 Ne4 16. Bf4 Nc5 17. g5 Nxd3 18. Rxd3 hxg5 19. Bxg5 Bxg5 20. Rxg5
Qh1+ 21. Rd1 Qe4 22. Qxe4 Bxe4 23. Rxd4 Rfd8 24. Nd7 Bc6 25. Nf6+ Kf8 26. Nh7+
Ke7 27. Rxd8 Rxd8 28. Kc1 g6 29. Rg3 Rh8 30. Rh3 Bg2 31. Rg3 Bd5 32. Rh3 e5 0-1

[Event "Michigan Open Reserve"]
[Site "Lansing, MI"]
[Date "2002.09.01"]
[Round "4.22"]
[White "Crysler, Jerry"]
[Black "Wood, Jack"]
[Result "0-1"]
[WhiteElo "1467"]
[BlackElo "1450"]
[PlyCount "125"]
[EventDate "2002.08.30"]

1. g3 g6 2. Bg2 Bg7 3. c4 c5 4. f3 Nf6 5. Nh3 d5 6. cxd5 Nxd5 7. Nf2 Bd4 8. e3
Bg7 9. O-O Nc6 10. Ne4 b6 11. f4 Ba6 12. Re1 Bb7 13. Nbc3 Ncb4 14. Bf1 O-O 15.
a3 Nxc3 16. bxc3 Nd3 17. Bxd3 Qxd3 18. Nf2 Qd5 19. e4 Qc6 20. d4 cxd4 21. cxd4
Rad8 22. Bb2 e6 23. Rc1 Qb5 24. Re2 Bxd4 25. Bxd4 Rxd4 26. Rd2 Rxd2 27. Qxd2
Qa4 28. Qb4 Qxb4 29. axb4 Rc8 30. Rxc8+ Bxc8 31. e5 a5 32. bxa5 bxa5 33. Nd1 a4
34. Ne3 a3 35. Nc2 a2 36. h4 Bb7 37. g4 Bf3 38. g5 h6 39. Kf2 Be4 40. Na1 hxg5
41. hxg5 Kf8 42. Ke3 Bd5 43. Kd4 Ke7 44. Kc5 Kd7 45. Kb6 Bf3 46. Kc5 Kc7 47.
Kb5 Be2+ 48. Kc5 Bf1 49. Kb4 Kc6 50. Kc3 Kd5 51. Kb2 Bc4 52. Nc2 Ke4 53. Na3
Bd5 54. Nb5 Kxf4 55. Nd6 Kxg5 56. Nxf7+ Kf4 57. Nd6 g5 58. Nb5 Kxe5 59. Nc3 g4
60. Ne2 Bc4 61. Ng3 Kf4 62. Nh5+ Kf3 63. Nf6 0-1

[Event "Michigan Open Reserve"]
[Site "Lansing, MI"]
[Date "2002.09.01"]
[Round "5.27"]
[White "Crysler, Jerry"]
[Black "Hodge, Larry"]
[Result "0-1"]
[WhiteElo "1467"]
[BlackElo "1339"]
[PlyCount "76"]
[EventDate "2002.08.30"]

1. g3 Nc6 2. Bg2 b6 3. f3 Bb7 4. Nh3 e6 5. c3 d5 6. e3 Bd6 7. Nf2 Nf6 8. d4 O-O
9. O-O Rb8 10. Re1 Re8 11. Nd2 e5 12. a3 Ne7 13. dxe5 Bxe5 14. f4 Bd6 15. b4 c6
16. Nf3 Qc7 17. Nd4 a6 18. Bb2 c5 19. Nc2 Ne4 20. Rc1 Rbd8 21. Re2 Nf6 22. c4
dxc4 23. Bxf6 gxf6 24. Qf1 Kh8 25. Ne4 Bxe4 26. Bxe4 f5 27. Bf3 Rg8 28. Rg2 b5
29. e4 fxe4 30. Bxe4 f5 31. Bf3 cxb4 32. axb4 Ng6 33. Kh1 Rd7 34. Re2 Re7 35.
Rd2 Nxf4 36. Rxd6 Qxd6 37. gxf4 Qxf4 38. Qf2 Qxc1+ 0-1

[Event "Michigan Open Reserve"]
[Site "Lansing, MI"]
[Date "2002.09.01"]
[Round "5.5"]
[White "Cox, Nick"]
[Black "Schey, Danny"]
[Result "0-1"]
[WhiteElo "1589"]
[BlackElo "1674"]
[PlyCount "66"]
[EventDate "2002.08.30"]

1. e4 e5 2. Nf3 Nc6 3. d4 exd4 4. Bc4 Nf6 5. O-O Nxe4 6. Re1 d5 7. Bxd5 Qxd5 8.
Nc3 Qa5 9. Nxe4 Be6 10. Neg5 Qf5 11. Nxd4 Nxd4 12. Qxd4 Bd6 13. Be3 Be5 14. Qc5
Qf6 15. Nxe6 fxe6 16. Rad1 Bd6 17. Qb5+ Kf7 18. Qxb7 Rhb8 19. Qc6 Qf5 20. Qd7+
Kf6 21. f4 Bc5 22. Qxc7 Bxe3+ 23. Rxe3 Rc8 24. Qe5+ Qxe5 25. fxe5+ Ke7 26. c3
Rab8 27. b3 Rc5 28. c4 Ra5 29. Rd2 Rf8 30. b4 Ra4 31. a3 a5 32. Rb2 axb4 33.
axb4 Ra1+ 0-1

[Event "Michigan Open Booster"]
[Site "Lansing, MI"]
[Date "2002.09.01"]
[Round "5.3"]
[White "Clark, Richard"]
[Black "Li, Derek"]
[Result "1-0"]
[WhiteElo "1213"]
[BlackElo "1305"]
[PlyCount "85"]
[EventDate "2002.08.30"]

1. g3 d5 2. Bg2 Nc6 3. e3 e5 4. Nc3 Nf6 5. d4 e4 6. Bh3 Bxh3 7. Nxh3 Be7 8. f4
Qd7 9. Nf2 h5 10. a3 O-O-O 11. Qe2 Rdg8 12. Bd2 g5 13. fxg5 Rxg5 14. O-O-O Bd6
15. Rdg1 Qe7 16. Nb5 a6 17. Nxd6+ Qxd6 18. Nh3 Rg7 19. Nf4 h4 20. g4 Rhg8 21.
h3 Nd7 22. Rh2 f5 23. Rhg2 fxg4 24. Rxg4 Rxg4 25. Rxg4 Rh8 26. Qg2 Nb6 27. Rg6
Qe7 28. Kb1 Kb8 29. Ka2 Ka7 30. Rg7 Qd6 31. Be1 Rh6 32. Qg4 Qd8 33. Rg5 Nc4 34.
Bf2 Qf6 35. Rxd5 Ne7 36. Rc5 Nd2 37. Rxc7 Qd6 38. Rc3 Nf3 39. Qg7 Nf5 40. Qg8
N5xd4 41. exd4 Nxd4 42. Be3 b6 43. Qg7+ 1-0

[Event "Michigan Open Reserve"]
[Site "Lansing, MI"]
[Date "2002.09.01"]
[Round "5.18"]
[White "Christiansen, Jeremy"]
[Black "Kuczek, Kevin"]
[Result "0-1"]
[WhiteElo "1670"]
[BlackElo "1439"]
[PlyCount "36"]
[EventDate "2002.08.30"]

1. e4 c5 2. Nc3 d6 3. g3 g6 4. Bg2 Bg7 5. d3 Nc6 6. f4 e6 7. Nf3 Nge7 8. O-O
O-O 9. Be3 Nd4 10. e5 Rb8 11. exd6 Qxd6 12. Ne4 Qc7 13. Rb1 b6 14. Bf2 Bb7 15.
b4 Nxf3+ 16. Bxf3 cxb4 17. Rxb4 Nd5 18. Rc4 Qd7 0-1

[Event "Michigan Open Reserve"]
[Site "Lansing, MI"]
[Date "2002.09.01"]
[Round "5.6"]
[White "Choate, Eric"]
[Black "McAuliffe, Todd"]
[Result "1-0"]
[WhiteElo "1521"]
[BlackElo "1644"]
[PlyCount "73"]
[EventDate "2002.08.30"]

1. e4 e6 2. d4 d5 3. exd5 exd5 4. Nf3 c5 5. Bb5+ Nc6 6. O-O Bd6 7. dxc5 Bxc5 8.
Ne5 Nge7 9. Bg5 O-O 10. Bxc6 f6 11. Nd3 Bb6 12. Bxd5+ Qxd5 13. Bf4 Ng6 14. Bg3
Rd8 15. Nc3 Qg5 16. Qf3 Nh4 17. Bxh4 Qxh4 18. Nd5 Bg4 19. Qe4 Re8 20. Qc4 Kh8
21. h3 f5 22. Nxb6 axb6 23. hxg4 Re4 24. Qc7 Rxg4 25. Qh2 Qg5 26. Rae1 Rh4 27.
Qg3 Rg4 28. Qf3 Rf8 29. Qxb7 f4 30. Qe7 Rxg2+ 31. Kh1 Qh5+ 32. Kxg2 f3+ 33. Kg3
Qg6+ 34. Kh4 Qh6+ 35. Kg4 Qg6+ 36. Qg5 Qd6 37. Re7 1-0

[Event "Michigan Open Reserve"]
[Site "Lansing, MI"]
[Date "2002.09.01"]
[Round "4.8"]
[White "Choate, Eric"]
[Black "Christiansen, Jeremy"]
[Result "1-0"]
[WhiteElo "1521"]
[BlackElo "1670"]
[PlyCount "67"]
[EventDate "2002.08.30"]

1. e4 d5 2. exd5 Qxd5 3. Nc3 Qa5 4. Nf3 Nf6 5. Bc4 Bf5 6. d3 e6 7. Bd2 c6 8.
O-O Nbd7 9. Re1 O-O-O 10. Nb5 Qb6 11. Be3 Nc5 12. Nxa7+ Qxa7 13. b4 Ng4 14.
Bxc5 Bxc5 15. bxc5 Qxc5 16. Qe2 Rhe8 17. h3 Nf6 18. a4 Qa5 19. Ne5 Bg6 20. Bb3
Nd7 21. Nc4 Qc7 22. Qe3 Nf6 23. Nb6+ Kb8 24. a5 Nd5 25. Bxd5 cxd5 26. a6 bxa6
27. Rxa6 d4 28. Qf3 Qb7 29. Qf4+ Qc7 30. Nd7+ Kc8 31. Ne5 f6 32. Rc6 fxe5 33.
Rxc7+ Kxc7 34. Qxe5+ 1-0

[Event "Michigan Open Reserve"]
[Site "Lansing, MI"]
[Date "2002.09.01"]
[Round "5.28"]
[White "Cendrowski, Chris"]
[Black "Whatling, David"]
[Result "1/2-1/2"]
[WhiteElo "1461"]
[BlackElo "1266"]
[PlyCount "115"]
[EventDate "2002.08.30"]

1. e4 e5 2. Nf3 d6 3. d4 exd4 4. Nxd4 Be7 5. Nc3 Nf6 6. Bc4 O-O 7. O-O Bd7 8.
Re1 Nc6 9. a3 h6 10. h3 Nh7 11. Be3 Bf6 12. Qd2 Nxd4 13. Bxd4 Bxd4 14. Qxd4 Be6
15. Bd3 Qf6 16. Qb4 b6 17. Nd5 Bxd5 18. exd5 Rfe8 19. b3 Re7 20. Rxe7 Qxe7 21.
Re1 Qg5 22. Qc4 Nf6 23. Qxc7 Nxd5 24. Qxd6 Nf4 25. Qc6 Qd8 26. Bc4 Rc8 27. Qb7
Rc7 28. Re8+ Qxe8 29. Qxc7 Ne2+ 30. Kf1 Nd4 31. Qxa7 Nxc2 32. Kg1 Qe1+ 33. Bf1
Nd4 34. Kh2 Qxf2 35. Qa8+ Kh7 36. Bc4 Nf5 37. Qf3 Qd4 38. Bd3 Qe5+ 39. Kh1 Qe1+
40. Kh2 Qe5+ 41. Kg1 Qe1+ 42. Qf1 Qe3+ 43. Kh1 g6 44. Bxf5 gxf5 45. Qxf5+ Kg7
46. Qg4+ Kf8 47. Qf3 Qc1+ 48. Kh2 Qxa3 49. Qc3 Qd6+ 50. Kg1 Qc5+ 51. Qxc5+ bxc5
52. Kf2 Ke7 53. Ke3 Kd6 54. Kd3 Kd5 55. g4 f6 56. h4 Kd6 57. Kc4 Kc6 58. h5
1/2-1/2

[Event "Michigan Open Booster"]
[Site "Lansing, MI"]
[Date "2002.09.01"]
[Round "4.5"]
[White "Carter, Ashley"]
[Black "Clark, Richard"]
[Result "0-1"]
[WhiteElo "886"]
[BlackElo "1213"]
[PlyCount "98"]
[EventDate "2002.08.30"]

1. d4 g6 2. c4 Bg7 3. Nc3 Nf6 4. Nf3 d6 5. e3 O-O 6. b3 c5 7. Bb2 cxd4 8. Nxd4
Na6 9. Bd3 Nc5 10. Bc2 a6 11. Qd2 Bd7 12. O-O-O Qc7 13. h3 Rfd8 14. g4 e5 15.
Nde2 Bc6 16. Rhg1 Nce4 17. Nxe4 Nxe4 18. Qe1 Ng5 19. Qf1 Nf3 20. Rg3 b5 21.
cxb5 axb5 22. Kb1 Qa5 23. Kc1 Qxa2 24. e4 Bh6+ 25. g5 Nxg5 26. f4 Nxe4 27. Rg4
Qa7 28. Kb1 f5 29. Rg1 Qf2 30. Qxf2 Nxf2 31. Rdf1 Nxh3 32. Rg3 Nxf4 33. Nxf4
Bxf4 34. Rc3 Be4 35. Bxe4 fxe4 36. Rh1 Rd7 37. Rc2 Rg7 38. Rd1 Rd8 39. Ba3 d5
40. Rc5 Rgd7 41. Rxb5 d4 42. b4 d3 43. Bb2 Rd5 44. Rb7 d2 45. Re7 e3 46. Kc2 e2
47. Bc3 Rc8 48. b5 Rdc5 49. Kd3 exd1=Q 0-1

[Event "Michigan Open Reserve"]
[Site "Lansing, MI"]
[Date "2002.09.01"]
[Round "4.12"]
[White "Carr, Jay"]
[Black "Ford, Adam"]
[Result "1-0"]
[WhiteElo "1600"]
[BlackElo "1232"]
[PlyCount "119"]
[EventDate "2002.08.30"]

1. c4 e5 2. Nc3 Nf6 3. g3 Bb4 4. Bg2 O-O 5. a3 Bxc3 6. dxc3 Nc6 7. Nf3 Qe7 8.
O-O Qc5 9. b3 Rd8 10. Be3 Qd6 11. Qxd6 cxd6 12. b4 a6 13. Rfd1 Ne4 14. Rd3 Ne7
15. Nxe5 Nxf2 16. Rxd6 f6 17. Bxf2 fxe5 18. Bh3 Ng6 19. Bb6 Re8 20. Bxd7 Bxd7
21. Rxd7 Rac8 22. Rc7 Rxc7 23. Bxc7 Rc8 24. Bd6 Rxc4 25. Rc1 Re4 26. Kf2 Kf7
27. Kf3 Rc4 28. h3 b6 29. Ke3 Ke6 30. Bb8 Rc8 31. Ba7 Rc6 32. c4 Kd7 33. c5
bxc5 34. Rxc5 Rxc5 35. Bxc5 Kc6 36. a4 a5 37. Ke4 axb4 38. Bxb4 Kd7 39. h4 Ke6
40. h5 Nh8 41. a5 Kd7 42. Kxe5 Kc6 43. e4 Kb5 44. Bd2 Nf7+ 45. Kf4 Kc6 46. g4
Nd6 47. e5 Nc4 48. Bc3 Kd5 49. a6 Nb6 50. Kf5 Na8 51. e6 Nc7 52. e7 Kd6 53.
Be5+ Kd7 54. Bxc7 Kxc7 55. e8=Q g5 56. Qe6 h6 57. Ke5 Kd8 58. Qf7 Kc8 59. Kd6
Kb8 60. Qb7# 1-0

[Event "Michigan Open Booster"]
[Site "Lansing, MI"]
[Date "2002.09.01"]
[Round "2.43"]
[White "Bultema, Luke"]
[Black "Stojanovski, Elena"]
[Result "1-0"]
[WhiteElo "1221"]
[BlackElo "504"]
[PlyCount "73"]
[EventDate "2002.08.30"]

1. e4 e5 2. Nf3 Nf6 3. Nxe5 d6 4. Nf3 Nxe4 5. Qe2 Qe7 6. d3 Nf6 7. Bg5 Qxe2+ 8.
Bxe2 Be7 9. O-O O-O 10. Nc3 Bg4 11. Rfe1 Nc6 12. a3 Bxf3 13. Bxf3 Nd4 14. Rxe7
Ne6 15. Bxf6 gxf6 16. Bd5 Rae8 17. Rxe8 Rxe8 18. Bxe6 Rxe6 19. Ne4 f5 20. Ng5
Re2 21. Rc1 Kg7 22. b4 Kg6 23. Nf3 b5 24. h4 Kh5 25. Nd4 Re5 26. Kf1 Kxh4 27.
Nf3+ Kg4 28. Nxe5+ dxe5 29. Re1 Kf4 30. g3+ Kg4 31. Rxe5 h5 32. Rxb5 f4 33.
gxf4 h4 34. c4 Kh3 35. a4 Kh2 36. Rh5 h3 37. a5 1-0

[Event "Michigan Open Booster"]
[Site "Lansing, MI"]
[Date "2002.09.01"]
[Round "5.5"]
[White "Bultema, Luke"]
[Black "Spindleman, Brian"]
[Result "1-0"]
[WhiteElo "1221"]
[BlackElo "960"]
[PlyCount "120"]
[EventDate "2002.08.30"]

1. e4 c5 2. Bc4 e6 3. Nc3 Nc6 4. Nf3 d6 5. d3 Nf6 6. b3 a6 7. Bb2 b5 8. Bxb5
axb5 9. Nxb5 Qa5+ 10. Nc3 Be7 11. O-O O-O 12. Ne2 e5 13. c3 Bg4 14. Nd2 Qa6 15.
c4 Nb4 16. f3 Be6 17. Nc1 Nc6 18. a3 Qb6 19. Kh1 Ra7 20. Na2 Rb8 21. Nc3 Nd4
22. Na4 Qb7 23. Bxd4 cxd4 24. Qc2 Bd7 25. Nb2 Ne8 26. b4 Rc8 27. Rfc1 Bg5 28.
Qd1 Bxd2 29. Qxd2 Ba4 30. Nxa4 Rxa4 31. Qb2 Rca8 32. Ra2 Nf6 33. g3 Qd7 34.
Rca1 Nh5 35. b5 f5 36. exf5 Qxf5 37. Qe2 Nf6 38. Kg2 Nd7 39. Qd2 Nc5 40. b6 Nb3
41. Qc2 Nxa1 42. Rxa1 R4a5 43. a4 Qd7 44. Qb3 Qc6 45. Rb1 Kh8 46. Qb4 Rxa4 47.
Qxd6 Ra2+ 48. Kh3 Qxf3 49. Qxe5 h5 50. Qe4 Rxh2+ 51. Kxh2 Ra2+ 52. Kh3 Qf2 53.
Rh1 Rb2 54. c5 Re2 55. Qd5 Re3 56. Qxh5+ Kg8 57. Qd5+ Kf8 58. Qd6+ Kf7 59. Qd7+
Re7 60. Qd5+ Kf8 1-0

[Event "Michigan Open Booster"]
[Site "Lansing, MI"]
[Date "2002.09.01"]
[Round "1.41"]
[White "Bultema, Bob"]
[Black "Tyle, Sujay"]
[Result "1-0"]
[WhiteElo "1311"]
[BlackElo "999"]
[PlyCount "27"]
[EventDate "2002.08.30"]

1. e4 e5 2. Nc3 Nf6 3. Nf3 Be7 4. Bb5 Nc6 5. d3 Bc5 6. O-O d6 7. Bg5 Bg4 8. a3
h6 9. Bxf6 gxf6 10. Nd5 a6 11. Ba4 b5 12. Bb3 Kd7 13. h3 Bxf3 14. Qxf3 {
Remainder unavailable} 1-0

[Event "Michigan Open Booster"]
[Site "Lansing, MI"]
[Date "2002.09.01"]
[Round "4.41"]
[White "Buckles, Mark"]
[Black "Williams, Marcus"]
[Result "1-0"]
[WhiteElo "1287"]
[BlackElo "1227"]
[PlyCount "71"]
[EventDate "2002.08.30"]

1. d4 d5 2. c4 e6 3. Nc3 b6 4. Bf4 Bb7 5. cxd5 exd5 6. e3 Nf6 7. Nf3 Nbd7 8.
Nb5 Bb4+ 9. Nd2 Bxd2+ 10. Qxd2 O-O 11. Bxc7 Qc8 12. Rc1 Re8 13. Nd6 Qxc7 14.
Rxc7 Rab8 15. Nxe8 Rxe8 16. Rxb7 Ne4 17. Qc2 Ndf6 18. Qc7 Rf8 19. Rb8 g6 20.
Rxf8+ Kxf8 21. Qe5 Nxf2 22. Qxf6 Nxh1 23. Bb5 h5 24. Qf1 Ng3 25. hxg3 Kg7 26.
Bc6 a5 27. Bxd5 f5 28. e4 fxe4 29. Bxe4 b5 30. d5 a4 31. d6 b4 32. d7 b3 33. a3
h4 34. d8=Q hxg3 35. Qdf6+ Kh7 36. Qxg6+ 1-0

[Event "Michigan Open Booster"]
[Site "Lansing, MI"]
[Date "2002.09.01"]
[Round "2.42"]
[White "Buckles, Mark"]
[Black "Avery, James"]
[Result "0-1"]
[WhiteElo "1287"]
[BlackElo "744"]
[PlyCount "60"]
[EventDate "2002.08.30"]

1. d4 e6 2. c4 Nf6 3. Nf3 d5 4. Bg5 Be7 5. Nc3 dxc4 6. e3 Nc6 7. Bxc4 O-O 8.
O-O b6 9. Rc1 Bb7 10. Qc2 Qd6 11. Bxf6 Bxf6 12. Ne4 Qe7 13. Bb5 Nb4 14. Qxc7
Bxe4 15. Qf4 Bd3 16. Rfe1 Bxb5 17. Rc7 Nd3 18. Qg3 Qd8 19. Rd1 e5 20. dxe5 Qxc7
21. exf6 Qxg3 22. hxg3 gxf6 23. a4 Ba6 24. g4 Nxb2 25. Rd5 Bb7 26. Rf5 Bxf3 27.
gxf3 Kg7 28. e4 Rfe8 29. Kg2 Re5 30. Rf4 Nd3 0-1

[Event "Michigan Open"]
[Site "Lansing, MI"]
[Date "2002.09.01"]
[Round "4.13"]
[White "Bolda, Dan H"]
[Black "Skidmore, Mike"]
[Result "1-0"]
[WhiteElo "1795"]
[BlackElo "1847"]
[PlyCount "103"]
[EventDate "2002.08.30"]

1. d4 Nf6 2. c4 g6 3. Nc3 Bg7 4. e4 d6 5. Nf3 O-O 6. Be2 b6 7. O-O Bb7 8. d5
Nbd7 9. Nd4 Rc8 10. f3 c6 11. dxc6 Bxc6 12. Ncb5 Bxb5 13. Nxb5 a6 14. Nd4 Qc7
15. Be3 Ne5 16. b3 Qb7 17. Qd2 Rfe8 18. Rac1 Nc6 19. Rc2 Nd8 20. Bd3 Nd7 21.
Re1 Nc5 22. Bf1 Nde6 23. b4 Nxd4 24. Bxd4 Bxd4+ 25. Qxd4 Ne6 26. Qf2 b5 27.
Rec1 bxc4 28. Rxc4 Rxc4 29. Rxc4 Rc8 30. Rxc8+ Qxc8 31. Qb6 Nc7 32. Qc6 Qb8 33.
h3 Qa7+ 34. Kh2 h5 35. Qd7 Qb6 36. Qxe7 d5 37. Qd8+ Kg7 38. exd5 h4 39. Bxa6
Nxd5 40. Qxb6 Nxb6 41. g3 hxg3+ 42. Kxg3 Kf6 43. Bd3 Ke5 44. Bc2 f5 45. a4 f4+
46. Kg4 Nd5 47. Bxg6 Nxb4 48. h4 Nd5 49. h5 Kf6 50. a5 Ke5 51. a6 Ne3+ 52. Kg5
1-0

[Event "Michigan Open Reserve"]
[Site "Lansing, MI"]
[Date "2002.09.01"]
[Round "5.19"]
[White "Bolda, Dan G"]
[Black "Anderson, Neal"]
[Result "0-1"]
[WhiteElo "1600"]
[BlackElo "1355"]
[PlyCount "66"]
[EventDate "2002.08.30"]

1. d4 Nf6 2. c4 c5 3. d5 e6 4. Nc3 exd5 5. cxd5 d6 6. Nf3 g6 7. Bg5 Bg7 8. e3
O-O 9. Bd3 Nbd7 10. O-O a6 11. Rc1 b5 12. b3 Bb7 13. Re1 Qc7 14. e4 Rfe8 15.
Bf4 Ng4 16. h3 Nge5 17. Nxe5 Nxe5 18. Bb1 Qe7 19. Qd2 Bc8 20. Bg5 f6 21. Bh6
Bxh3 22. Bxg7 Kxg7 23. Re3 Bd7 24. Rg3 Rg8 25. Ne2 Kf8 26. Qh6+ Qg7 27. Qd2 h5
28. Nf4 Qe7 29. Ne2 g5 30. f4 h4 31. Rgc3 gxf4 32. Nxf4 b4 33. R3c2 Nf3+ 0-1

[Event "Michigan Open Reserve"]
[Site "Lansing, MI"]
[Date "2002.09.01"]
[Round "4.41"]
[White "Beshore, Brad"]
[Black "Laurin, Edward"]
[Result "0-1"]
[WhiteElo "1748"]
[BlackElo "1757"]
[Annotator "Edward Laurin"]
[PlyCount "41"]
[EventDate "2002.08.30"]

1. g3 d5 2. Bg2 e5 3. d4 exd4 4. c3 dxc3 {Normally accepting these types of
gambits causes Black a ton of problems, this game is no different.} 5. Nxc3 c6
6. Nf3 Bb4 7. O-O ({No reason to allow Black to weaken White's pawn structure.
Best would have been} 7. Bd2 {protecting the knight, developing a piece, and
breaking the pin.}) 7... Bxc3 8. bxc3 Ne7 9. e4 O-O 10. Ba3 Re8 11. c4 Be6 12.
exd5 cxd5 13. Ng5 Nbc6 14. Qh5 h6 15. Nxe6 fxe6 16. Rad1 d4 17. Bxe7 Qxe7 $2 (
17... Rxe7 {holds the pawn.}) 18. Bxc6 bxc6 19. Rxd4 Rad8 20. Rxd8 Rxd8 21. Qa5
{Eventually, White ended up losing in time pressure.} 0-1

[Event "Michigan Open Reserve"]
[Site "Lansing, MI"]
[Date "2002.09.01"]
[Round "3.42"]
[White "Beshore, Brad"]
[Black "Forshee, Dan"]
[Result "1-0"]
[WhiteElo "1747"]
[BlackElo "1370"]
[PlyCount "39"]
[EventDate "2002.08.30"]

1. e4 c5 2. Nc3 Nc6 3. Bb5 d6 4. Bxc6+ bxc6 5. f4 g6 6. Nf3 Bg7 7. O-O e5 8.
fxe5 dxe5 9. Na4 c4 10. Qe2 Ba6 11. Nc5 Qb6 12. d4 exd4 13. Nxa6 d3+ 14. Qe3
Qxa6 15. Ng5 O-O-O 16. Qh3+ f5 17. exf5 Ne7 18. f6+ Nf5 19. fxg7 Qb6+ 20. Kh1 {
Remainder illegible, 30?} 1-0

[Event "Michigan Open"]
[Site "Lansing, MI"]
[Date "2002.09.01"]
[Round "2.43"]
[White "Baze, Lineas"]
[Black "Decker, Dale"]
[Result "1-0"]
[WhiteElo "2000"]
[BlackElo "1832"]
[PlyCount "52"]
[EventDate "2002.08.30"]

1. e4 d5 2. exd5 Qxd5 3. Nc3 Qa5 4. Nf3 Nf6 5. Be2 Bg4 6. O-O e6 7. d3 c6 8.
Bd2 Qc7 9. h3 Bh5 10. Ne4 Nbd7 11. Bc3 Bg6 12. Nxf6+ gxf6 13. a4 Bd6 14. a5 Ne5
15. Nd4 O-O-O 16. Kh1 Rhg8 17. f4 Nd7 18. f5 Bxf5 19. Nxf5 exf5 20. Rxf5 Rg5
21. Rxg5 fxg5 22. Bg4 Kb8 23. Qe2 Ne5 24. Re1 Ng6 25. Bf6 Nf4 26. Bxd8 Qxd8 1-0

[Event "Michigan Open"]
[Site "Lansing, MI"]
[Date "2002.09.01"]
[Round "4.42"]
[White "Baze, Lineas"]
[Black "Czuhai, Kevin"]
[Result "1-0"]
[WhiteElo "2000"]
[BlackElo "2204"]
[PlyCount "60"]
[EventDate "2002.08.30"]

1. e4 c5 2. Nf3 d6 3. d4 cxd4 4. Nxd4 Nf6 5. Nc3 g6 6. Be2 Bg7 7. O-O O-O 8.
Nb3 a5 9. a4 Nc6 10. f4 Be6 11. f5 Bxb3 12. cxb3 Qb6+ 13. Kh1 Rfd8 14. Bg5 Nb4
15. Bc4 d5 16. exd5 Rd7 17. fxg6 hxg6 18. Qf3 Rf8 19. Rac1 Nh7 20. Bh4 g5 21.
Qf5 Rxd5 22. Nxd5 Nxd5 23. Bxd5 e6 24. Qf2 Qxf2 25. Bxf2 exd5 26. Rcd1 Rd8 27.
Bd4 Bf8 28. Bb6 Rd7 29. Rf5 Re7 30. Rfxd5 Nf6 {Remainder unavailable} 1-0

[Event "Michigan Open"]
[Site "Lansing, MI"]
[Date "2002.09.01"]
[Round "5.5"]
[White "Bailey, Greg"]
[Black "Gabbara, Faris"]
[Result "1-0"]
[WhiteElo "1950"]
[BlackElo "2040"]
[PlyCount "103"]
[EventDate "2002.08.30"]

1. f4 Nf6 2. Nf3 d5 3. e3 Nc6 4. b3 d4 5. exd4 Nxd4 6. Bb2 Nxf3+ 7. Qxf3 c6 8.
Bd3 Qd5 9. O-O Qxf3 10. Rxf3 Be6 11. Nc3 O-O-O 12. f5 Bd5 13. Nxd5 Nxd5 14. a3
Rg8 15. Rd1 f6 16. c4 Nf4 17. Be4 e5 18. fxe6 Nxe6 19. Bf5 Bc5+ 20. d4 Rge8 21.
Re3 Rd6 22. Rxe6 Rexe6 23. b4 Bxb4 24. axb4 Kd8 25. c5 Re2 26. Bc1 Rd5 27. Bxh7
b6 28. Kf1 Re8 29. Bg6 Re7 30. Bf4 Red7 31. Re1 Re7 32. Rd1 Red7 33. Bd6 R7xd6
34. cxd6 c5 35. bxc5 bxc5 36. Ke2 cxd4 37. Ra1 a5 38. Kd3 Kd7 39. Ra4 Rg5 40.
Be4 Kxd6 41. Rxd4+ Kc5 42. Bf3 Re5 43. Rh4 g5 44. Re4 Rd5+ 45. Kc3 Rd6 46. Bg4
Rd8 47. Re6 Rf8 48. Ra6 Kb5 49. Be2+ Ka4 50. Rb6 Rc8+ 51. Bc4 Re8 52. Bb5+ 1-0

[Event "Michigan Open"]
[Site "Lansing, MI"]
[Date "2002.09.01"]
[Round "4.5"]
[White "Bailey, Greg"]
[Black "Everett, Morgan"]
[Result "1-0"]
[WhiteElo "1950"]
[BlackElo "2077"]
[Annotator "Jeff Aldrich"]
[PlyCount "79"]
[EventDate "2002.08.30"]

{Bird} 1. f4 c5 2. Nf3 g6 3. g3 Bg7 4. Bg2 Nc6 5. c4 Nf6 6. Nc3 d6 7. O-O O-O
8. e4 {The problem with playing 1...c5 against the Bird. White gets control of
the center. The key to Black's position is taking control of the d4 square.}
Bg4 9. h3 Bxf3 10. Qxf3 Nd4 {What Black wants, but there is more to getting an
advantage than just sticking a knight in here.} 11. Qd1 Rb8 12. b3 a6 13. Bb2
b5 14. d3 Nd7 15. Qd2 f5 16. exf5 gxf5 17. Ne2 {White challenges Black's
control of the d4 square.} b4 18. Rae1 e5 19. fxe5 dxe5 20. Bd5+ Kh8 21. Nxd4
cxd4 {Now that the knight has been liquidated to a pawn, Black's needs to
think about creating a passed pawn with an eventual ... e4. Two problems:
White controls the light square because he has the bishop pair and his queen
and rooks are better centralized.} 22. Be6 Rb6 $2 {Maybe, this is an attempt
at a pawn sac to set up a king-side. But, Black still has the same problems
listed above.} 23. Bxf5 Bh6 24. Qe2 Be3+ 25. Kh2 Rbf6 26. g4 Qc7 27. Kg2 Nc5
28. Bc1 Qc6+ 29. Kh2 e4 30. Bxe3 dxe3 31. dxe4 Nxe4 32. Qxe3 {A second pawn
falls and Black still has no real attacking prospects.} Qd6+ 33. Qf4 Qxf4+ 34.
Rxf4 Nc3 35. Rf2 h5 36. Kg3 hxg4 37. hxg4 a5 38. Rh2+ Kg8 39. Kf4 Kg7 40. Reh1
1-0

[Event "Michigan Open Reserve"]
[Site "Lansing, MI"]
[Date "2002.09.01"]
[Round "5.15"]
[White "Bailey, Dennis"]
[Black "Beshore, Brad"]
[Result "1/2-1/2"]
[WhiteElo "1488"]
[BlackElo "1748"]
[PlyCount "83"]
[EventDate "2002.08.30"]

1. d4 g6 2. Nf3 Bg7 3. Bf4 c5 4. e3 cxd4 5. exd4 d5 6. Nbd2 Nc6 7. c3 Nf6 8.
Be2 O-O 9. O-O Nh5 10. Be3 Nf6 11. Re1 Ng4 12. Bf4 e5 13. dxe5 Ngxe5 14. Nxe5
Nxe5 15. Nf3 Nc6 16. Bb5 Bg4 17. Be2 Bxf3 18. Bxf3 d4 19. Bxc6 bxc6 20. cxd4
Qxd4 21. Qxd4 Bxd4 22. Re2 Rfe8 23. Rae1 Rxe2 24. Rxe2 Rd8 25. h3 a5 26. g4 Kg7
27. Kg2 Rd5 28. f3 a4 29. h4 Rb5 30. Bc1 Rc5 31. Bf4 Rb5 32. Bc1 h5 33. Kh3
hxg4+ 34. fxg4 Re5 35. Rxe5 Bxe5 36. b3 axb3 37. axb3 f5 38. gxf5 gxf5 39. h5
Kf6 40. Kg2 f4 41. Kf3 Kf5 42. h6 1/2-1/2